Jihad-e-karbala (Record no. 1235873)

MARC details
000 -LEADER
fixed length control field 00601nam a2200217Ia 4500
005 - DATE AND TIME OF LATEST TRANSACTION
control field 20250108125144.0
008 - FIXED-LENGTH DATA ELEMENTS--GENERAL INFORMATION
fixed length control field 008 250107s9999 xx 000 0 eng d
037 ## - SOURCE OF ACQUISITION
Stock number TB
040 ## - CATALOGING SOURCE
Original cataloging agency CRL
Language of cataloging eng
Transcribing agency CRL
041 ## - LANGUAGE CODE
Language code of text/sound track or separate title urd
Source of code eng
084 ## - COLON CLASSIFICATION NUMBER
Classification number Q29xK18 152P6.1-.13 (RR)
084 ## - COLON CLASSIFICATION NUMBER
Assigning agency CRL
100 ## - MAIN ENTRY--PERSONAL NAME
Personal name Jaunpuri Abbas Haidar Muzaffer Au.
9 (RLIN) 730490
245 #0 - TITLE STATEMENT
Title Jihad-e-karbala
Statement of responsibility, etc. Jaunpuri Abbas Haidar Muzaffer Au.
260 ## - PUBLICATION, DISTRIBUTION, ETC.
Date of publication, distribution, etc. 3485
300 ## - PHYSICAL DESCRIPTION
Extent 158p.
365 ## - TRADE PRICE
Price type code INR
Price amount 2800
650 ## - SUBJECT ADDED ENTRY--TOPICAL TERM
Topical term or geographic name entry element URDU POETRY
942 ## - ADDED ENTRY ELEMENTS (KOHA)
Koha item type Textbook
Classification part Q29xK18 152P6.1-.13 (RR)
Holdings
Withdrawn status Lost status Damaged status Not for loan Home library Current library Date acquired Source of acquisition Cost, normal purchase price Total Checkouts Full call number Barcode Date last seen Price effective from Koha item type
        Central Library Central Library 2025-01-08 Gift, 15/10/2024, 2800.00   O168,1NZAx Q4 CL1699497 2025-01-08 2025-01-08 Textbook
Copyright @ Delhi University Library System